FACILITIES change management
Guardat en:
| Format: | Llibre |
|---|---|
| Idioma: | anglès |
| Publicat: |
Wiley-Blackwell
2012
|
| Etiquetes: |
Afegir etiqueta
Sense etiquetes, Sigues el primer a etiquetar aquest registre!
|
MARC
| LEADER | 00000nam a22000007a 4500 | ||
|---|---|---|---|
| 008 | 201210b ||||| |||| 00| 0 eng d | ||
| 020 | |a 978-1-4051-5346-1 | ||
| 245 | |a FACILITIES change management |c edited by Edward Finch.- West Sussex |g xiv, 202p.; ill. | ||
| 250 | |c Edward Finch.- West Sussex | ||
| 260 | |b Wiley-Blackwell |c 2012 |h UK |i 691647 |i 691648 |l TS155 .F11 |m Buildings – Remodelling for other use |m Facility management | ||
| 500 | |a It includes references and index | ||
| 942 | |a lcc |c BK |e ADEYEYE Y. S. |f 10/12/2020 | ||
| 952 | |0 0 |1 0 |2 lcc |4 0 |6 TS0155 F11 |7 0 |9 294 |a HOL |b EDM |c QZ |d 2020-12-10 |l 0 |o TS155 .F11 |p 2020-2031 |r 2020-12-10 00:00:00 |w 2020-12-10 |y BK | ||
| 952 | |0 0 |1 0 |2 lcc |4 0 |7 0 |9 297 |a HOL |b HOL |c QZ |d 2020-12-10 |o TS155 .F11 |p 2020-2034 |r 2020-12-10 00:00:00 |w 2020-12-10 |y BK | ||
| 999 | |c 130 |d 130 | ||